| 000 | 00882nam a2200265 a 4500 | ||
|---|---|---|---|
| 001 | 000036409 | ||
| 005 | 20200930075721.0 | ||
| 008 | 120117s1994 cl a 001 0 spa d | ||
| 020 | _a958020943x | ||
| 040 |
_aDO-SdBNP _bspa _cBNPHU |
||
| 041 | 1 | 7 |
_aspa _heng _2MARC |
| 082 |
_a396 _bS326s |
||
| 100 | 1 |
_aScher, Bob _962620 |
|
| 240 | 1 | 0 | _aThe little know-how book |
| 245 | 1 | 0 |
_aSoluciones curiosas / _cBob Scher ; traducción María Mercedes Correa. |
| 260 |
_aSanta Fe de Bogotá : _bVoluntad, _c1994. |
||
| 300 |
_a196 p. : _bil. ; _c22 cm. |
||
| 504 | _aIncluye bibliografía y notas al pie de páginas. | ||
| 650 | 4 |
_aHabilidades sociales-enseñanza _962621 |
|
| 650 | 4 |
_aAptitudes mecánicas _962622 |
|
| 650 | 4 |
_aManuales de hágalo usted mismo _962623 |
|
| 700 | 1 |
_aCorrea, María Mercedes, _etr. _942949 |
|
| 910 | _aValidado. Control de calidad EMS | ||
| 049 | _aBNPD | ||
| 999 |
_c35900 _d35900 |
||